Clubs qui ont gagné la Ligue 1 - Mort Subite - Statistiques

Statistiques générales
  • Ce quiz a été pris 891 fois
  • Le résultat moyen est 10 sur 19
Answers on the Grid
Answers color-coded by a green-red scale on the quiz's grid according to % correct below.
Sète
Cannes
Le Havre
Lens
Sochaux
Olympique Lillois
Strasbourg
Olympique de Marseille
Le Mans
Racing Club de Paris
Rennes
Lille
Brest
CO Roubaix Tourcoing
Reims
Angers
Bordeaux
Amiens
Montpellier
Sedan
Auxerre
PSG
Toulouse
Metz
Nice
Saint-Etienne
Lorient
Monaco
Nantes
Chateauroux
Nîmes
Nancy
Olympique Lyonnais
Dijon
Grenoble
 
Statistiques - réponses
Réponse % Correct
Olympique de Marseille
78%
Lille
73%
PSG
71%
Olympique Lyonnais
65%
Monaco
62%
Saint-Etienne
61%
Bordeaux
60%
Lens
55%
Montpellier
53%
Nantes
51%
Olympique Lillois
47%
Sète
45%
Auxerre
42%
Sochaux
42%
Reims
40%
Nice
39%
Strasbourg
36%
Racing Club de Paris
34%
CO Roubaix Tourcoing
25%
Aucun quiz correspondant
Distribution des résultats
% des personnes avec chaque résultat
Percentile par nombre de réponses
Votre historique - résultats
Vous n’avez pas pris ce quiz